000 00455nam a2200181Ia 4500
001 15288
005 20260306170145.0
008 260306t2006||||xx |||||||||||||| ||und||
041 _aESP
082 _a531.12
_bB39 2006
100 _aBeer, Ferdinand P.
_eAUT
245 0 _aMecánica vectorial para ingenieros:
_bestática
260 _c2006
300 _axxiv, 619 páginas :
_c27 cm.
650 _aGEN
654 _aCCN
942 _cLIB
_dJUS
_fJUS
_2ddc
_n
999 _c15288
_d15288